000 00304nam a22001337a 4500
008 170607b xxu||||| |||| 00| 0 eng d
020 _a9780030470271
041 _aeng
080 _a32
100 _a18
101 _aSHH
245 _aINTRODUCTION TO POLITICAL THINKERS
_cEBENSTEIN,W
942 _2udc
_cBK
999 _c16347
_d16347